Impacto do enchimento do reservatório de uma UHE sobre a dinâmica de um fragmento de floresta ombrófila mista em Santa Catarina (Registro n. 298400)
[ somente texto ]
| 000 -LÍDER | |
|---|---|
| fixed length control field | 04976nab a2200373 i 4500 |
| 003 - CÓDIGO MARC DA AGÊNCIA CATALOGADORA | |
| Campo de controle | BR-BrBNA |
| 005 - DATA E HORA DA ÚLTIMA ATUALIZAÇÃO | |
| Campo de controle | 20240131145000.0 |
| 008 - CAMPO DE TAMANHO FIXO | |
| fixed length control field | 240131b2018 bl.qr|pooa||| 00| 0 por | |
| 040 ## - FONTE DA CATALOGAÇÃO | |
| Agência catalogadora | BR-BrBNA |
| Idioma da catalogação | por |
| 072 ## - CATEGORIA AGRIS | |
| Código AGRIS | K10 |
| 072 ## - CATEGORIA AGRIS | |
| Código AGRIS | P10 |
| 100 ## - ENTRADA PRINCIPAL - NOME PESSOAL | |
| Nome pessoal | Lima, Carla Luciane |
| 100 ## - ENTRADA PRINCIPAL - NOME PESSOAL | |
| Nome pessoal | Silva, Ana Carolina da |
| 100 ## - ENTRADA PRINCIPAL - NOME PESSOAL | |
| Nome pessoal | Higuchi, Pedro |
| 100 ## - ENTRADA PRINCIPAL - NOME PESSOAL | |
| Nome pessoal | Cruz, Aline Pereira |
| 100 ## - ENTRADA PRINCIPAL - NOME PESSOAL | |
| Nome pessoal | Kilca, Ricardo de Vargas |
| 100 ## - ENTRADA PRINCIPAL - NOME PESSOAL | |
| Nome pessoal | Nunes, Amanda da Silva |
| 100 ## - ENTRADA PRINCIPAL - NOME PESSOAL | |
| Nome pessoal | Silva, Mariele Alves Ferrer da |
| 100 ## - ENTRADA PRINCIPAL - NOME PESSOAL | |
| Nome pessoal | Dallabrida, Juliana Pizutti |
| 100 ## - ENTRADA PRINCIPAL - NOME PESSOAL | |
| Nome pessoal | Soboleski, Vanessa Fátima |
| 100 ## - ENTRADA PRINCIPAL - NOME PESSOAL | |
| Nome pessoal | Gross, Aline |
| 245 ## - TÍTULO PRINCIPAL | |
| Título principal | Impacto do enchimento do reservatório de uma UHE sobre a dinâmica de um fragmento de floresta ombrófila mista em Santa Catarina |
| 500 ## - NOTA GERAL | |
| Nota geral | Publicação on-line; Bibliography p. 1073-1075 (53 ref.) ref.; 4 tables; 2 illus.; Summaries (En, Pt) |
| 942 ## - ADDED ENTRY ELEMENTS (KOHA) | |
| Koha item type | |
| 520 ## - NOTA DE RESUMO | |
| Nota de conteúdo | <br/><br/>RESUMO<br/><br/>O presente estudo teve como objetivo investigar o impacto do enchimento do reservatório de uma usina hidrelétrica sobre as taxas de dinâmica do componente arbóreo em uma floresta adjacente. Para isso, foram alocadas 48 parcelas em três setores do fragmento: adjacente às margens do reservatório, meio da encosta e topo da encosta. Um ano após o enchimento do reservatório, todos os indivíduos arbóreos com circunferência a altura do peito (CAP) ≥ 15,7 cm foram avaliados (identificados e mensurados), e dois anos após o enchimento foi realizado o estudo de dinâmica, com as árvores sobreviventes remedidas, as mortas quantificadas e as recrutas incorporadas. Foi realizado o levantamento das variáveis ambientais edáficas, topográficas, de abertura do dossel e de impacto ambiental. Foram calculadas as taxas de dinâmica. Para ordenação das variáveis ambientais foi aplicada uma Análise de Componentes Principais (PCA) e a influência de gradientes ambientais sobre as taxas demográficas da comunidade foi verificada por meio de regressão logística. A dinâmica apresentou estabilidade no número de indivíduos, porém, com maior ganho (3,64%.ano-1) que perda (1,62%.ano-1) em área basal. Entre os setores houve distinções, sendo o setor 1 caracterizado pela maior taxa de perda em área basal (2,51%.ano-1). Houve pouca relação das taxas demográficas com as variáveis ambientais analisadas, indicando que a maior influência encontrada sobre o crescimento das árvores está associada a variáveis não mensuradas. O presente estudo indica que, dois anos após o enchimento do reservatório, foi possível perceber os primeiros efeitos da influência do lago da hidrelétrica na comunidade arbórea.<br/><br/>Palavras-chave: dinâmica florestal; comunidade de espécies arbóreas; impacto ambiental |
| 520 ## - NOTA DE RESUMO | |
| Nota de conteúdo | <br/><br/>ABSTRACT<br/><br/>We aimed to investigate the impact of the water reservoir of a hydroelectric power station on the tree component dynamics in an adjacent forest. For this, we allocated 48 plots in three sectors: bottom, adjacent to water reservoir, middle slope and upper slope. One year after the water filling, we measured (circumference at breast height – cbh and identified all trees with cbh) ≥ 15,7 cm, followed by the dynamics study in the next year, with the re-measurement of survival trees and quantification of mortality and recruitment. We evaluated environmental variables (edaphics, topographics and environmental impacts). We determined the dynamics rates and applied a Principal Component Analysis (PCA) to the ordination of environmental variables and analyzed the influence of environmental gradients on community demographics rates through logistic regression. The dynamics presented number of individuals stability, but a greater basal area gain (3.64%.year-1) than loss (1.62%.year-1). There were differences among sectors, with a greater loss in bottom sector (2.51%.year-1) than others. There was a weak relation between analyzed environmental variables, suggesting that trees growth is mostly related to non-measured variables. The present study indicates that, two years after the water filling, it is possible to detect the short-term impacts of the reservoir of hydroelectric power station on tree community. <br/><br/>Keywords: forest dynamics; tree species community; environmental impact. |
| 650 ## - ASSUNTO - THESAGRO | |
| Cabeçalho tópico ou nome geográfico | FLORESTA |
| 650 ## - ASSUNTO - THESAGRO | |
| Cabeçalho tópico ou nome geográfico | ESSÊNCIA FLORESTAL |
| 650 ## - ASSUNTO - THESAGRO | |
| Cabeçalho tópico ou nome geográfico | IMPACTO AMBIENTAL |
| 650 ## - ASSUNTO - THESAGRO | |
| Cabeçalho tópico ou nome geográfico | HIDRELÉTRICA |
| 773 0# - ENTRADA ANALÍTICA | |
| Host Biblionumber | 4065 |
| Registro do item | 198128 |
| Imprenta | Santa Maria-RS Universidade Federal de Santa Maria - Centro de Pesquisas Florestais.Departamento de Ciências Florestais. Programa de Pós-Graduação em Engenharia Florestal 1991 |
| Outro identificador | 2023-437009 |
| Título | Ciência Florestal (Brazil) |
| ISSN | 0103-9954; 1980-5098 (on-line) |
| Colação | v. 28(3) p. 1060-1075; (Jul-Sep 2018) |
| Número de controle de registro | BR2023001512 |
| 856 ## - ACESSO E ENDEREÇO ELETRÔNICO | |
| Identificador uniforme de recurso - URI | https://periodicos.ufsm.br/cienciaflorestal/article/view/33393/pdf |
Nenhum exemplar disponível.

BINAGRI